[Event "Guernsey op 46th"]
[Site "St James"]
[Date "2022.10.22"]
[Round "7"]
[White "Jongerius, Marc"]
[Black "Ingham, H William"]
[Result "0-1"]
[WhiteElo "1669"]
[BlackElo "1831"]
[PlyCount "62"]
[EventDate "2022.10.16"]
[EventType "swiss"]
[EventRounds "7"]
[EventCountry "GCI"]
[SourceTitle "EXT 2024"]
[Source "ChessBase"]
[SourceDate "2023.10.10"]
[SourceVersion "1"]
[SourceVersionDate "2023.10.10"]
[SourceQuality "1"]

1. e4 d6 2. d4 Nf6 3. Nc3 c6 4. Be2 Qa5 5. Bd2 e5 6. Nd5 Qd8 7. Nxf6+ Qxf6 8. Bc3 Nd7 9. Qd3 Be7 10. Nf3 0-0 11. h4 exd4 12. Bxd4 Ne5 13. Bxe5 dxe5 14. Qc3 Re8 15. 0-0-0 Qf4+ 16. Qd2 Qxe4 17. Bd3 Qa4 18. a3 e4 19. Bxe4 Qxe4 20. Rhe1 Qd5 21. Rxe7 Rxe7 22. Qb4 Qe6 23. Re1 Qh6+ 24. Ng5 Rxe1+ 25. Qxe1 Be6 26. Kb1 Re8 27. Qb4 Bd5 28. g3 f6 29. Nh3 Qh5 30. Kc1 Qe2 31. b3 Qf1+ 0-1

[Event "Guernsey op 46th"]
[Site "St James"]
[Date "2022.10.19"]
[Round "4"]
[White "Dennis, Nigel W"]
[Black "Jongerius, Marc"]
[Result "1/2-1/2"]
[WhiteElo "1852"]
[BlackElo "1669"]
[PlyCount "54"]
[EventDate "2022.10.16"]
[EventType "swiss"]
[EventRounds "7"]
[EventCountry "GCI"]
[SourceTitle "EXT 2024"]
[Source "ChessBase"]
[SourceDate "2023.10.10"]
[SourceVersion "1"]
[SourceVersionDate "2023.10.10"]
[SourceQuality "1"]

1. e4 d5 2. exd5 Nf6 3. d4 Bg4 4. f3 Bf5 5. Bb5+ c6 6. dxc6 bxc6 7. Bd3 e6 8. Bxf5 Qa5+ 9. c3 Qxf5 10. Ne2 Bd6 11. Nd2 0-0 12. Nf1 Nbd7 13. Nfg3 Qb5 14. 0-0 Rfe8 15. a4 Qa6 16. Be3 e5 17. dxe5 Bxe5 18. Bf2 Rad8 19. Qc2 Bxg3 20. Nxg3 Ne5 21. Rfe1 Nd3 22. Rxe8+ Rxe8 23. b4 Qc4 24. Rd1 Nxb4 25. Qb1 Nbd5 26. Bxa7 Qxa4 27. Bd4 c5 1/2-1/2

[Event "Guernsey Holiday op 44th"]
[Site "Vale"]
[Date "2018.10.24"]
[Round "4"]
[White "Bennett, David"]
[Black "Jongerius, Marc"]
[Result "0-1"]
[WhiteElo "1383"]
[BlackElo "1686"]
[PlyCount "75"]
[EventDate "2018.10.21"]
[EventType "swiss"]
[EventRounds "7"]
[EventCountry "GCI"]
[SourceTitle "EXT 2021"]
[Source "ChessBase"]
[SourceDate "2020.10.23"]
[SourceVersion "1"]
[SourceVersionDate "2020.10.23"]
[SourceQuality "1"]

1. Nf3 g6 2. d4 Nf6 3. Bf4 Bg7 4. Nbd2 c5 5. e3 d6 6. Be2 0-0 7. 0-0 Nc6 8. c3 cxd4 9. cxd4 Bf5 10. Rc1 Qa5 11. a3 Rac8 12. Nb3 Qb6 13. Nfd2 Na5 14. Nxa5 Qxa5 15. Nc4 Qd8 16. Bf3 Be4 17. Nd2 Bxf3 18. Nxf3 Ne4 19. Qd3 Nf6 20. h3 Qd7 21. e4 e5 22. Bg5 exd4 23. Nxd4 Rfe8 24. Bxf6 Bxf6 25. b4 a6 26. Rb1 b5 27. Rfd1 Rc4 28. Nf3 Rcxe4 29. Qxd6 Re1+ 30. Kh2 Be5+ 31. Nxe5 Qxd6 32. Rxd6 Rxb1 33. Ng4 Re6 34. Rd8+ Kg7 35. Rd3 Rb2 36. Rg3 h5 37. Ne3 Rxf2 38. Rg5 0-1

[Event "Guernsey Holiday op 42nd"]
[Site "Guernsey"]
[Date "2016.10.19"]
[Round "4"]
[White "Jongerius, Marc"]
[Black "Bennett, David"]
[Result "1-0"]
[WhiteElo "1637"]
[BlackElo "1405"]
[PlyCount "61"]
[EventDate "2016.10.16"]
[EventType "swiss"]
[EventRounds "7"]
[EventCountry "GCI"]
[SourceTitle "EXT 2022"]
[Source "ChessBase"]
[SourceDate "2021.10.06"]
[SourceVersion "1"]
[SourceVersionDate "2021.10.06"]
[SourceQuality "1"]

1. e4 e6 2. d4 c5 3. Nf3 cxd4 4. Nxd4 e5 5. Nb5 Nf6 6. N1c3 d6 7. Bg5 Be7 8. Bxf6 gxf6 9. Nd5 Na6 10. Nxe7 Kxe7 11. Qd5 Nb4 12. Qd2 Nc6 13. 0-0-0 Nd4 14. Nxd4 exd4 15. Qxd4 Qb6 16. f4 Bg4 17. Rd3 Rhd8 18. f5 d5 19. h3 Bh5 20. g4 Bg6 21. fxg6 fxg6 22. exd5 Rd6 23. Bg2 Kf7 24. Re1 Qa5 25. Re6 Rad8 26. Qxf6+ Kg8 27. Rxd6 Rxd6 28. Qxd6 Qe1+ 29. Rd1 Qe3+ 30. Kb1 Qe2 31. Qe6+ 1-0

[Event "Guernsey Holiday op 42nd"]
[Site "Guernsey"]
[Date "2016.10.17"]
[Round "2"]
[White "Finch, Russell"]
[Black "Jongerius, Marc"]
[Result "1-0"]
[WhiteElo "1742"]
[BlackElo "1637"]
[PlyCount "73"]
[EventDate "2016.10.16"]
[EventType "swiss"]
[EventRounds "7"]
[EventCountry "GCI"]
[SourceTitle "EXT 2022"]
[Source "ChessBase"]
[SourceDate "2021.10.06"]
[SourceVersion "1"]
[SourceVersionDate "2021.10.06"]
[SourceQuality "1"]

1. d4 Nf6 2. Nf3 d5 3. Bf4 c5 4. c3 e6 5. e3 Nc6 6. Nbd2 Bd6 7. Bg3 0-0 8. Bd3 c4 9. Bc2 Re8 10. Ne5 Qc7 11. f4 g6 12. Bh4 Be7 13. Bxf6 Bxf6 14. Qf3 Bg7 15. h4 f5 16. h5 Nxe5 17. dxe5 Qf7 18. g4 Bd7 19. hxg6 Qxg6 20. gxf5 exf5 21. Qxd5+ Qe6 22. Qxc4 Bc6 23. Qxe6+ Rxe6 24. Bb3 Bxh1 25. Bxe6+ Kf8 26. Ke2 Bc6 27. Bxf5 h6 28. Be4 Rd8 29. Bxc6 bxc6 30. Rd1 Ke7 31. Nf3 Rxd1 32. Kxd1 Ke6 33. e4 h5 34. Nd4+ Kd7 35. Nf5 Bf8 36. Ke2 Ke6 37. Kf3 1-0

[Event "Guernsey Holiday op 41st"]
[Site "Guernsey"]
[Date "2015.10.24"]
[Round "7"]
[White "Goris Schouwstra, Adry"]
[Black "Jongerius, Marc"]
[Result "1/2-1/2"]
[WhiteElo "1835"]
[BlackElo "1718"]
[PlyCount "38"]
[EventDate "2015.10.18"]
[EventType "swiss"]
[EventRounds "7"]
[EventCountry "GCI"]
[SourceTitle "EXT 2022"]
[Source "ChessBase"]
[SourceDate "2021.10.06"]
[SourceVersion "1"]
[SourceVersionDate "2021.10.06"]
[SourceQuality "1"]

1. d4 d5 2. e3 Nf6 3. Be2 Bf5 4. Nf3 h6 5. Bd3 Bxd3 6. Qxd3 c6 7. 0-0 e6 8. Nbd2 Bd6 9. e4 dxe4 10. Nxe4 Nxe4 11. Qxe4 Nd7 12. c3 Nf6 13. Qe2 Qc7 14. h3 0-0 15. c4 b6 16. Be3 c5 17. dxc5 Bxc5 18. Bxc5 Qxc5 19. Rfd1 Rfd8 1/2-1/2

[Event "Guernsey Holiday op 40th"]
[Site "Guernsey"]
[Date "2014.10.19"]
[Round "1"]
[White "Jongerius, Marc"]
[Black "Harnden, Terry"]
[Result "1-0"]
[WhiteElo "1701"]
[BlackElo "1496"]
[PlyCount "53"]
[EventDate "2014.10.19"]
[EventType "swiss"]
[EventRounds "7"]
[EventCountry "GCI"]
[SourceTitle "EXT 2022"]
[Source "ChessBase"]
[SourceDate "2021.10.06"]
[SourceVersion "1"]
[SourceVersionDate "2021.10.06"]
[SourceQuality "1"]

1. e4 c5 2. Nf3 d6 3. c3 Nf6 4. Be2 g6 5. 0-0 Bg7 6. d3 0-0 7. Nbd2 Nc6 8. d4 cxd4 9. cxd4 Bd7 10. Rb1 a6 11. d5 Ne5 12. Nxe5 dxe5 13. b3 b5 14. Bb2 Qb8 15. a4 e6 16. dxe6 Bxe6 17. a5 Rd8 18. Qe1 Bg4 19. Bxg4 Nxg4 20. Nf3 Ra7 21. h3 Nh6 22. Qe3 Re7 23. Rbc1 f6 24. Rc6 Re6 25. Rxe6 Nf7 26. Rxa6 Rd6 27. Rb6 1-0

[Event "Guernsey Holiday op 39th"]
[Site "Guernsey"]
[Date "2013.10.22"]
[Round "3"]
[White "Kay, Robert Terry"]
[Black "Jongerius, Marc"]
[Result "0-1"]
[WhiteElo "1528"]
[BlackElo "1642"]
[PlyCount "94"]
[EventDate "2013.10.20"]
[EventType "swiss"]
[EventRounds "7"]
[EventCountry "GCI"]
[SourceTitle "EXT 2022"]
[Source "ChessBase"]
[SourceDate "2021.10.06"]
[SourceVersion "1"]
[SourceVersionDate "2021.10.06"]
[SourceQuality "1"]

1. f4 d5 2. Nf3 Nf6 3. e3 Nc6 4. Bb5 Bd7 5. Bxc6 Bxc6 6. 0-0 e6 7. b3 Bd6 8. Bb2 Bb5 9. Re1 c5 10. Nc3 Bc6 11. Ne2 b5 12. Ne5 Bb7 13. Ng3 g6 14. d3 Rg8 15. c4 a6 16. a4 b4 17. Rc1 h5 18. h3 h4 19. Nf1 Qe7 20. Nh2 g5 21. Rc2 0-0-0 22. Nhg4 Nxg4 23. Nxg4 d4 24. fxg5 Rxg5 25. exd4 cxd4 26. Bc1 Rg6 27. Ne5 Bxe5 28. Rxe5 Rdg8 29. Ree2 Bf3 30. Qf1 Bxe2 31. Rxe2 Rf6 32. Qe1 Rf3 33. Kh1 Rxd3 34. Rb2 e5 35. Bd2 a5 36. Qe4 Rgg3 37. Qa8+ Kd7 38. Qxa5 Qd6 39. c5 Qc6 40. Bxb4 Rxb3 41. Rf2 Rxh3+ 42. Kg1 Rb1+ 43. Rf1 Rxf1+ 44. Kxf1 Rh1+ 45. Kf2 Qf6+ 46. Ke2 Qf1+ 47. Kd2 Qd1# 0-1

[Event "Guernsey Holiday op 39th"]
[Site "Guernsey"]
[Date "2013.10.20"]
[Round "1"]
[White "Adrian, Louise"]
[Black "Jongerius, Marc"]
[Result "1-0"]
[WhiteElo "1403"]
[BlackElo "1642"]
[PlyCount "139"]
[EventDate "2013.10.20"]
[EventType "swiss"]
[EventRounds "7"]
[EventCountry "GCI"]
[SourceTitle "EXT 2022"]
[Source "ChessBase"]
[SourceDate "2021.10.06"]
[SourceVersion "1"]
[SourceVersionDate "2021.10.06"]
[SourceQuality "1"]

1. d4 d5 2. c4 e6 3. Nf3 Nf6 4. Nc3 c6 5. cxd5 exd5 6. Qc2 Bb4 7. Bf4 Ne4 8. Rc1 Bf5 9. Qb3 Qb6 10. e3 0-0 11. Be2 Bg4 12. Qc2 Bf5 13. Bd3 c5 14. 0-0 Bxc3 15. bxc3 c4 16. Bxe4 Bxe4 17. Qd2 Bxf3 18. gxf3 Qg6+ 19. Bg3 Nd7 20. Kh1 Qf5 21. Qe2 Rfe8 22. Rfe1 Nf6 23. Rb1 b6 24. Rb5 Qe6 25. Rg1 Nh5 26. Rbb1 f5 27. Be5 Re7 28. Rg5 Nf6 29. Rbg1 Rf8 30. Qf1 g6 31. Qh3 Nd7 32. Bf4 Rg7 33. R5g3 b5 34. Bh6 Rff7 35. Bxg7 Rxg7 36. Qh4 Nf6 37. Qh3 Qe7 38. R3g2 a5 39. Qg3 Qd8 40. Qe5 Kf7 41. Rb1 Qd7 42. Qb8 b4 43. cxb4 Rg8 44. Qb6 axb4 45. Qxb4 Ra8 46. Ra1 Ra4 47. Qb2 Qc6 48. Qc3 Qd6 49. Rgg1 Ra3 50. Qc2 f4 51. Rge1 fxe3 52. Rxe3 Rxe3 53. fxe3 Qa3 54. Qc1 Qd3 55. a4 Qe2 56. Qd1 Qxe3 57. a5 Qe7 58. a6 Qa7 59. Qd2 Nd7 60. Qb2 Nb8 61. Qb7+ Qxb7 62. axb7 Ke6 63. Ra8 Kd7 64. Rxb8 Kc7 65. Rd8 Kxb7 66. Rxd5 Kc6 67. Rc5+ Kd6 68. Rxc4 Kd5 69. Ra4 h5 70. Kg2 1-0

[Event "Guernsey Holiday op"]
[Site "Guernsey"]
[Date "2012.10.26"]
[Round "6"]
[White "Savident, David B"]
[Black "Jongerius, Marc"]
[Result "0-1"]
[WhiteElo "1701"]
[BlackElo "1674"]
[PlyCount "46"]
[EventDate "2012.10.21"]
[EventType "swiss"]
[EventRounds "7"]
[EventCountry "GCI"]
[SourceTitle "EXT 2015"]
[Source "ChessBase"]
[SourceDate "2014.11.20"]
[SourceVersion "1"]
[SourceVersionDate "2014.11.20"]
[SourceQuality "1"]

1. e4 e5 2. Nf3 Nc6 3. Bc4 Nf6 4. Nc3 Nxe4 5. Bxf7+ Kxf7 6. Nxe4 d5 7. Neg5+ Kg8 8. d3 h6 9. Nh3 Bg4 10. Qe2 Nd4 11. Qd2 Bxf3 12. c3 Bxg2 13. cxd4 Bxh1 14. dxe5 Qh4 15. Nf4 Qxh2 16. Qe3 Be7 17. Ne6 Bb4+ 18. Bd2 Qg1+ 19. Ke2 Qxa1 20. Qg3 Bf8 21. Nxc7 Rc8 22. e6 Qxb2 23. Qf4 Qf6 0-1

[Event "Guernsey Holiday op"]
[Site "Guernsey"]
[Date "2010.10.18"]
[Round "2"]
[White "Jones, Sidney A"]
[Black "Jongerius, Marc"]
[Result "1/2-1/2"]
[WhiteElo "1416"]
[BlackElo "1625"]
[PlyCount "96"]
[EventDate "2010.10.17"]
[EventType "swiss"]
[EventRounds "7"]
[EventCountry "GCI"]
[SourceTitle "EXT 2013"]
[Source "ChessBase"]
[SourceDate "2012.11.22"]
[SourceVersion "1"]
[SourceVersionDate "2012.11.22"]
[SourceQuality "1"]

1. d4 d5 2. c4 e6 3. Nc3 Nf6 4. Bg5 Nbd7 5. Nf3 c6 6. e3 Qa5 7. Nd2 Bb4 8. Qc2 Ne4 9. Ndxe4 dxe4 10. Be2 Qxg5 11. Qxe4 Nf6 12. Qf3 e5 13. Qg3 Qxg3 14. hxg3 exd4 15. exd4 Ne4 16. Rc1 Bf5 17. 0-0 Nxc3 18. bxc3 Ba3 19. Rce1 0-0 20. Bf3 Rfe8 21. d5 Bd3 22. Rxe8+ Rxe8 23. Rd1 Bxc4 24. dxc6 bxc6 25. Bxc6 Rb8 26. Rd7 a6 27. Rd4 Bb5 28. Bxb5 axb5 29. Rd5 g6 30. Kf1 b4 31. c4 Rc8 32. Rd4 Bb2 33. Re4 Rc5 34. Ke2 Ra5 35. c5 Rxa2 36. Kd3 Bc3 37. c6 Ra7 38. Rc4 Rc7 39. Ke4 Kf8 40. Kd5 Ke8 41. Kd6 Kd8 42. Rc5 f6 43. Rb5 Be5+ 44. Kd5 Bc3 45. f4 Kc8 46. Kd6 Be1 47. Ra5 Kb8 48. Rb5+ Kc8 1/2-1/2

[Event "Guernsey Holiday op"]
[Site "Guernsey"]
[Date "2009.10.23"]
[Round "6"]
[White "Foster, Paul"]
[Black "Jongerius, Marc"]
[Result "1/2-1/2"]
[WhiteElo "1738"]
[BlackElo "1633"]
[PlyCount "46"]
[EventDate "2009.10.18"]
[EventType "swiss"]
[EventRounds "7"]
[EventCountry "GCI"]
[SourceTitle "EXT 2015"]
[Source "ChessBase"]
[SourceDate "2014.11.20"]
[SourceVersion "1"]
[SourceVersionDate "2014.11.20"]
[SourceQuality "1"]

1. e4 e5 2. Nf3 Nc6 3. Bc4 Bc5 4. c3 Nf6 5. d3 h6 6. b4 Bb6 7. a4 a6 8. a5 Ba7 9. 0-0 0-0 10. Be3 d6 11. h3 Be6 12. Bxa7 Bxc4 13. Be3 Be6 14. Nbd2 Qd7 15. Nh2 Nh7 16. f4 f5 17. Qh5 Rf6 18. Rf3 Qf7 19. Qxf7+ Rxf7 20. g4 fxg4 21. hxg4 exf4 22. Rxf4 Raf8 23. Rxf7 Rxf7 1/2-1/2

[Event "Guernsey Holiday op"]
[Site "Guernsey"]
[Date "2009.10.19"]
[Round "2"]
[White "Gibson, John"]
[Black "Jongerius, Marc"]
[Result "1-0"]
[WhiteElo "1750"]
[BlackElo "1633"]
[PlyCount "85"]
[EventDate "2009.10.18"]
[EventType "swiss"]
[EventRounds "7"]
[EventCountry "GCI"]
[SourceTitle "EXT 2015"]
[Source "ChessBase"]
[SourceDate "2014.11.20"]
[SourceVersion "1"]
[SourceVersionDate "2014.11.20"]
[SourceQuality "1"]

1. d4 Nf6 2. Nf3 e6 3. e3 d5 4. Bd3 c5 5. c3 Nbd7 6. Nbd2 Be7 7. 0-0 0-0 8. Qe2 Qc7 9. e4 dxe4 10. Nxe4 Re8 11. g3 b6 12. Bf4 Qc6 13. Nxf6+ Bxf6 14. Be4 Ba6 15. Qc2 Qc8 16. Rfe1 Bb7 17. Bxh7+ Kh8 18. Be4 cxd4 19. Bxb7 Qxb7 20. Ne5 Bxe5 21. Bxe5 Nxe5 22. Rxe5 Qf3 23. cxd4 Rac8 24. Qe2 Qxe2 25. Rxe2 Red8 26. Rd2 Rc4 27. Rad1 g5 28. d5 exd5 29. Rxd5 Rxd5 30. Rxd5 f6 31. Rd8+ Kg7 32. Rd7+ Kg6 33. Rxa7 Kf5 34. b3 Rc5 35. Ra4 Ke5 36. Rb4 Rc6 37. Kg2 Kd5 38. h4 gxh4 39. Rxh4 Rc2 40. Ra4 Ke5 41. a3 Rb2 42. Rb4 Ra2 43. a4 1-0

[Event "Guernsey Holiday op 33rd"]
[Site "Guernsey"]
[Date "2007.10.26"]
[Round "6"]
[White "Jongerius, Marc"]
[Black "Beadle, John R"]
[Result "1-0"]
[WhiteElo "1592"]
[BlackElo "1400"]
[PlyCount "49"]
[EventDate "2007.10.21"]
[EventType "swiss"]
[EventRounds "7"]
[EventCountry "GCI"]
[SourceTitle "EXT 2022"]
[Source "ChessBase"]
[SourceDate "2021.10.06"]
[SourceVersion "1"]
[SourceVersionDate "2021.10.06"]
[SourceQuality "1"]

1. e4 c5 2. Nf3 d6 3. c3 Nf6 4. Be2 g6 5. 0-0 Bg7 6. Qc2 0-0 7. d4 cxd4 8. cxd4 Nbd7 9. Rd1 b6 10. Nc3 Bb7 11. d5 Qc8 12. Nd4 Re8 13. f3 Ba6 14. Qa4 Bxe2 15. Ncxe2 Nc5 16. Qa3 Nfd7 17. b4 Na6 18. Be3 Nc7 19. Rac1 Qb7 20. Rc2 Rec8 21. Nc6 Kf8 22. Rdc1 Ke8 23. Qa4 Kf8 24. Nd8 Nxd5 25. Nxb7 1-0

[Event "Guernsey Holiday op 33rd"]
[Site "Guernsey"]
[Date "2007.10.24"]
[Round "4"]
[White "Versmissen, Jorie"]
[Black "Jongerius, Marc"]
[Result "1/2-1/2"]
[WhiteElo "1759"]
[BlackElo "1592"]
[PlyCount "74"]
[EventDate "2007.10.21"]
[EventType "swiss"]
[EventRounds "7"]
[EventCountry "GCI"]
[SourceTitle "EXT 2022"]
[Source "ChessBase"]
[SourceDate "2021.10.06"]
[SourceVersion "1"]
[SourceVersionDate "2021.10.06"]
[SourceQuality "1"]

1. e4 e5 2. Nf3 Nc6 3. d4 exd4 4. Nxd4 Nge7 5. Bc4 Nxd4 6. Qxd4 Nc6 7. Qd5 Qf6 8. Bg5 Qg6 9. 0-0 Bd6 10. c3 Ne5 11. f4 c6 12. Qd4 b6 13. Kh1 Nxc4 14. Qxc4 a5 15. Qd4 Bc7 16. Nd2 f6 17. Bh4 Bb7 18. Rad1 c5 19. Qf2 0-0-0 20. e5 Rdf8 21. f5 Qg4 22. exf6 gxf6 23. Nf3 Qxf5 24. Qd2 Rhg8 25. Bg3 Bxg3 26. hxg3 Qh5+ 27. Nh4 Bc6 28. Rf5 Qg4 29. b4 Qxg3 30. Qf2 Qg4 31. Rd6 Kc7 32. Rdxf6 Rxf6 33. Rxf6 Qd1+ 34. Kh2 Rg4 35. bxa5 bxa5 36. Nf3 Qd5 37. Rh6 Qf7 1/2-1/2

[Event "Guernsey Holiday op"]
[Site "Grand Harve Bay"]
[Date "2006.10.21"]
[Round "7"]
[White "Foster, Paul"]
[Black "Jongerius, Marc"]
[Result "1-0"]
[WhiteElo "1600"]
[BlackElo "1651"]
[PlyCount "67"]
[EventDate "2006.10.15"]
[EventType "swiss"]
[EventRounds "7"]
[EventCountry "GCI"]
[SourceTitle "EXT 2008"]
[Source "ChessBase"]
[SourceDate "2007.11.25"]
[SourceVersion "1"]
[SourceVersionDate "2007.11.25"]
[SourceQuality "1"]

1. e4 e5 2. Nf3 Nc6 3. Bc4 Nf6 4. Nc3 Nxe4 5. Bxf7+ Kxf7 6. Nxe4 d5 7. Neg5+ Kg8 8. d3 h6 9. Nh3 Kh7 10. 0-0 Bg4 11. Nfg5+ hxg5 12. Qxg4 Be7 13. Bxg5 Qd6 14. Bxe7 Nxe7 15. Rae1 Kg8 16. f4 exf4 17. Rxf4 Ng6 18. Rff1 Rf8 19. Qe6+ Qxe6 20. Rxe6 Rxf1+ 21. Kxf1 Kf7 22. Ng5+ Kf8 23. Rxg6 Rxh2 24. Kg1 Rh8 25. Nf3 Kf7 26. Rg5 c6 27. b4 Re8 28. Re5 Rd8 29. d4 b6 30. Kf2 Kf6 31. g4 Rf8 32. Rf5+ Ke7 33. Rxf8 Kxf8 34. Ne5 1-0

[Event "Guernsey Holiday op"]
[Site "Grand Harve Bay"]
[Date "2006.10.16"]
[Round "2"]
[White "Jongerius, Marc"]
[Black "Collier, Michael J"]
[Result "0-1"]
[WhiteElo "1651"]
[BlackElo "1536"]
[PlyCount "48"]
[EventDate "2006.10.15"]
[EventType "swiss"]
[EventRounds "7"]
[EventCountry "GCI"]
[SourceTitle "EXT 2008"]
[Source "ChessBase"]
[SourceDate "2007.11.25"]
[SourceVersion "1"]
[SourceVersionDate "2007.11.25"]
[SourceQuality "1"]

1. e4 c5 2. Nf3 d6 3. c3 g6 4. Be2 Bg7 5. 0-0 Nf6 6. e5 dxe5 7. Nxe5 0-0 8. d4 cxd4 9. cxd4 Nbd7 10. Qb3 Nb6 11. Rd1 Be6 12. Qd3 Rc8 13. Nc3 Nfd5 14. Bf3 Nxc3 15. bxc3 Nd5 16. Bd2 Bf5 17. Qb5 Nxc3 18. Bxc3 Rxc3 19. Bxb7 Qc7 20. Nc6 Rc2 21. Qb4 Bf6 22. Rdc1 Rxc1+ 23. Rxc1 Rb8 24. Nxe7+ Qxe7 0-1

[Event "Guernsey Holiday op"]
[Site "Guernsey"]
[Date "2002.10.26"]
[Round "7"]
[White "Jongerius, Marc"]
[Black "Morris, Claire"]
[Result "0-1"]
[WhiteElo "1547"]
[BlackElo "1528"]
[PlyCount "70"]
[EventDate "2002.10.20"]
[EventType "swiss"]
[EventRounds "7"]
[EventCountry "GCI"]
[SourceTitle "EXT 2004"]
[Source "ChessBase"]
[SourceDate "2003.11.25"]
[SourceVersion "1"]
[SourceVersionDate "2003.11.25"]
[SourceQuality "1"]

1. e4 e5 2. Nf3 Nc6 3. Bc4 Bc5 4. 0-0 Nf6 5. d3 d5 6. exd5 Nxd5 7. Bxd5 Qxd5 8. Nc3 Qd8 9. Re1 f6 10. Ne4 Bb6 11. Be3 Bg4 12. c3 Bxf3 13. gxf3 Qe7 14. Bxb6 axb6 15. d4 Rd8 16. d5 f5 17. Ng3 Qg5 18. Kh1 0-0 19. Rg1 Qh4 20. Qc2 Ne7 21. c4 Rf6 22. Rae1 Rh6 23. Rg2 Qf4 24. Qe2 Ng6 25. Qe3 Nh4 26. Qxf4 exf4 27. Nxf5 Nxf5 28. Rg5 Rf6 29. a4 Nh4 30. Re7 Rf7 31. Rge5 Kf8 32. R7e6 Nxf3 33. Re4 Ng5 34. d6 Nxe4 35. Rxe4 Rxd6 0-1